Qawaid-e-Tahqeeq o Tadveen / (Record no. 614325)

000 -LEADER
fixed length control field 00568nam a22001817a 4500
082 ## - DEWEY DECIMAL CLASSIFICATION NUMBER
Classification number 801.95
Author Mark ANJ
100 ## - MAIN ENTRY--PERSONAL NAME
Personal name Anjum, Shafiq,
245 ## - TITLE STATEMENT
Title Qawaid-e-Tahqeeq o Tadveen /
Statement of responsibility, etc. Dr. Shafiq Anjum.
260 ## - PUBLICATION, DISTRIBUTION, ETC.
Place of publication, distribution, etc. Lahore:
Name of publisher, distributor, etc. Kitabi Dunya,
Date of publication, distribution, etc. 2021.
300 ## - PHYSICAL DESCRIPTION
Extent 128p
563 ## - BINDING INFORMATION
Binding note HB
650 ## - SUBJECT ADDED ENTRY--TOPICAL TERM
Topical term or geographic name entry element Urdu literature
650 ## - SUBJECT ADDED ENTRY--TOPICAL TERM
Topical term or geographic name entry element Textual criticism
880 ## - ALTERNATE GRAPHIC REPRESENTATION
Linkage 100-01\(3\r
Title قواعدِ تحقیق و تدوین/
880 ## - ALTERNATE GRAPHIC REPRESENTATION
Linkage 100-02\(3\r
Title ڈاکٹر شفیق انجم
880 ## - ALTERNATE GRAPHIC REPRESENTATION
Linkage 100-03\(3\r
Title لاہور:
b کتابی دنیا,
c 2021.
942 ## - ADDED ENTRY ELEMENTS (KOHA)
Source of classification or shelving scheme
Koha item type Book
650 ## - SUBJECT ADDED ENTRY--TOPICAL TERM
-- 129790
Holdings
Withdrawn status Lost status Source of classification or shelving scheme Damaged status Not for loan Permanent Location Current Location Shelving location Date acquired Source of acquisition Total Checkouts Full call number Barcode Date last seen Price effective from Koha item type
          Central Library (CL) Central Library (CL) Urdu Literature 07/13/2025 Donation   801.95 ANJ CL-D-2834 07/13/2025 07/13/2025 Book
© 2023 Central Library, National University of Sciences and Technology. All Rights Reserved.